Del filosofar a la vivencia religiosa.

I tiakina i:
Ngā taipitopito rārangi puna kōrero
Kaituhi matua: Ulloa Rübke, Gonzalo A (autor)
Hōputu: Pukapuka
I whakaputaina: Valparaíso, Chile: Ediciones Universitarias de Valparaíso, 2023.
Ngā marau:
Ngā Tūtohu: Tāpirihia he Tūtohu
Kāore He Tūtohu, Me noho koe te mea tuatahi ki te tūtohu i tēnei pūkete!

MARC

LEADER 00000nam a22000007a 4500
003 CL-VaPUC
005 20230731161718.0
008 230724t2023 ||||| |||| 00| 0 eng d
999 |c 441399  |d 441397 
020 |a 978-956-17-1026-9 
040 |c Pontificia Universidad Católica de Valparaíso 
082 0 4 |2 22  |a 210 ULL 2023 
100 1 |a Ulloa Rübke, Gonzalo A  |9 439873  |e autor 
245 1 0 |a Del filosofar a la vivencia religiosa. 
260 |a Valparaíso, Chile:  |b Ediciones Universitarias de Valparaíso,   |c 2023. 
300 |a 205 páginas. 
500 |a c.1 Donación EUV 18-7-23 
583 |c 20230724  |k Catalogador Asistente 
650 1 |a Filosofía de la religión  |9 256017 
942 |2 ddc  |c BK 
952 |0 0  |1 0  |2 ddc  |4 0  |6 210_000000000000000_ULL_2023  |7 0  |8 A  |9 590937  |a BIBTEO  |b BIBTEO  |c GEN  |d 2023-07-24  |e Donación  |i 5658115  |o 210 ULL 2023  |p 5658115  |r 2025-01-17  |t 1  |w 2023-07-24  |y BK  |k ICR